Carlota está com sorte! (Registo nº 2122)

Detalhes MARC
000 -Etiqueta do registo
Cabeçalho 00853nam a22002771 4500
005 - Identificador da versão
Campo de controlo 20240813121925.0
095 ## -
-- PTBN00112708
021 ## - Número do Depósito Legal
Código do país PT
Número 17040/87
100 ## - Dados gerais de processamento
Dados gerais de processamento 19980609d1987 de y0pory5003 ba
102 ## - Pais de publicação ou produção
País de publicação Portugal
101 1# - Língua de publicação
Língua do texto, banda sonora, etc. Português
Língua do documento no original Dinamarquês
215 ## - Descrição física 
Indicação específica da natureza do documento e extensão da espécie 91, [2] p.
Outras indicações físicas il.
Dimensões 21 cm
200 1# - Titulo e menção de responsabilidade
Título próprio Carlota está com sorte!
Primeira menção de responsabilidade Gretha Stevns
Outras menções de responsabilidade trad. Helle de Freitas
225 2# - Colecção 
Título próprio da colecção Carlota
Indicação de volume 4
210 ## - Publicação, Distribuição, etc. 
Lugar da edição, distribuição, etc. Lisboa
Nome do editor, distribuidor, etc. Verbo
Data da publicação, distribuição, etc. imp. 1987
304 ## - Notas relativas a título e menção de responsabilidade 
Texto da nota Tít. orig. : Pernille Ka' Sagtens
606 ## - Nome comum usado como assunto
Número de registo de entrada de autoridade 0000229
Palavra de ordem Literatura estrangeira infanto-juvenil
Subdivisão de assunto Romance de aventuras
675 ## - Classificação Decimal Universal (CDU)
Notação 82-311.3
Edição
Língua da edição por
702 #1 - Nome de autor-pessoa física (responsabilidade secundária)
Número de registo de entrada de autoridade 0000877
Palavra de ordem Freitas
Outra parte do nome não tomada para palavra de ordem Maria Helena de
Código de função Tradutor
Número de registo de entrada de autoridade 0000875
Palavra de ordem Gil
Outra parte do nome não tomada para palavra de ordem Júlio
Datas 1924-
Código de função Ilustrador / Técnico de desenho computorizado
700 #1 - Nome de autor-pessoa física (responsabilidade principal)
Número de registo de entrada de autoridade 0000876
Palavra de ordem Stevns
Outra parte do nome não tomada para palavra de ordem Greta
Elementos de identificação ou distinção pseud.
942 ## - Elementos de entrada adicionados (Koha)
Tipo de item no Koha Livro
Exemplares
Situação do levantamento Origin of item (home branch) (coded) Biblioteca de empréstimo Código de barras Cota Circulation type (not for loan) Tipo de documento Nota do exemplar Damaged status
  Biblioteca Escolar da Coca Maravilhas Biblioteca Escolar da Coca Maravilhas BECM3914/98 8EST STE   Livro Sem mensagem